| 000 | 00571nam a2200169 i 4500 | ||
|---|---|---|---|
| 001 | 39172 | ||
| 003 | ES-MaACL | ||
| 005 | 20230906155913.0 | ||
| 007 | t| | ||
| 008 | 030227s1949 sp ||||1| spa d | ||
| 100 | 1 |
_aCampillo de Bayle, Ginés. _934172 |
|
| 245 | 1 | 0 |
_aGustos y disgustos del Lentiscar de Cartagena / _cG. Campillo de Bayle ; [nota preliminar por E. Varela Hervás]. |
| 260 |
_aMadrid : _bAlmenara, _c1949 ( _fGráf. González, _g1689) |
||
| 300 |
_aXVIII, 330 p. ; _c25 cm. |
||
| 700 | 1 |
_aVarela Hervás, E. _9113158 |
|
| 852 |
_aES-MaACL _jD-6785 _bR.30769 |
||
| 999 |
_c39172 _d39172 |
||